Влияние электролитов различных типов на растворимость, коэффициент активности и произведение растворимости бромата серебра; Тезисы докладов на юбилейной конференции по физико-химическому анализу

Մատենագիտական մանրամասներ
Parent link:Тезисы докладов на юбилейной конференции по физико-химическому анализу.— 1960.— С. 40-41
Հիմնական հեղինակ: Лельчук Ю. Л. Юрий Львович (Юдель Лейбович)
Ամփոփում:В фонде НТБ ТПУ отсутствует
Լեզու:ռուսերեն
Հրապարակվել է: 1960
Խորագրեր:
Ձևաչափ: MixedMaterials Գրքի գլուխ
KOHA link:https://koha.lib.tpu.ru/cgi-bin/koha/opac-detail.pl?biblionumber=591336

MARC

LEADER 00000naa0a2200000 4500
001 591336
005 20250825144503.0
035 |a (RuTPU)RU\TPU\tpu\1524 
035 |a TPU00001524 
090 |a 591336 
100 |a 20011210d1960 k||y0rusy50 ca 
101 0 |a rus 
102 |a RU 
200 1 |a Влияние электролитов различных типов на растворимость, коэффициент активности и произведение растворимости бромата серебра  |f Ю. Л. Лельчук 
333 |a В фонде НТБ ТПУ отсутствует 
463 1 |t Тезисы докладов на юбилейной конференции по физико-химическому анализу  |v С. 40-41  |d 1960 
610 1 |a химические науки 
610 1 |a труды учёных ТПУ 
700 1 |a Лельчук  |b Ю. Л.  |c российский химик  |c зав. кафедрой аналитической химии ТПУ  |f 1910-2000  |g Юрий Львович (Юдель Лейбович)  |3 (RuTPU)RU\TPU\pers\23642 
801 0 |a RU  |b 63413507  |c 20011210  |g PSBO 
801 2 |a RU  |b 63413507  |c 20101214  |g PSBO 
942 |c BK